000 01134nam a2200337Ia 4500
001 Z_5077
003 CHAP
008 220113s2004 xx 000 0 und d
010 _a168134
040 _cCHAP
090 _aTesis M 1787
100 _aMéndez Carrillo, Gabriel
_976480
245 _aFertilidad de ovejas pelibuey pastoreando praderas de alfalfa (Medicago sativa L) o una asociación de ryegrass orchard (Lolium perenne L-Dactylis glomerata L) /
_cpor Gabriel Méndez Carrillo
260 _aChapingo, Méx. :
_bEl autor,
_c2004
300 _a56 h.
502 _aTesis (Ing. Agr. Esp. en Zootecnia) -- UACH. Departamento de Zootecnia
650 _aBorrego Pelibuey
_913937
650 _aDactylis glomerata
_930865
650 _aGanado lanar
_x Pastoreo
_945209
650 _aGanado lanar
_xAlimentación
_945153
650 _aGanado lanar
_xFecundidad
_945181
650 _aGanado lanar
_xReproducción
_945220
650 _aInseminación artificial
_958964
650 _aLolium perenne
_967505
901 _aTESIS M 1787
902 _aM
910 _a2004
942 _c2
942 _c2
999 _c168134
_d168134